El Descenso de la mortalidad y la fecundidad y sus efectos sobre el sistema de seguro social

Gespeichert in:
Bibliographische Detailangaben
1. Verfasser: Carrasco, Armando
Format: Text
Veröffentlicht: San José: Caja Costarriense de Seguro Social
Tags: Tag hinzufügen
Keine Tags, Fügen Sie den ersten Tag hinzu!

MARC

LEADER 00000 a a2200000 04500
001 16825
003
040
090 |a 004600  
100 |a Carrasco, Armando  
245 |a El Descenso de la mortalidad y la fecundidad y sus efectos sobre el sistema de seguro social  
260 |a San José:   |b Caja Costarriense de Seguro Social  
300 |a 3 p.  
999 |c 11420  |d 11420